00880 2200301 4500001002100000005001500021035002000036007000300056008004100059082001100100084001700111100001900128245013800147250001000285260007900295300003600374700002400410504002500434990001300459990001000472990001100482990001600493990001000509990001100519990001600530990001600546990001600562INLIS00000000000767120210531100125 a0010-0321001041ta210531 g 0 ind  aR. 390 aR. 390 AKH p0 aAKHMAD, Elvian1 aPakaian Adat dan Pakaian Adat Pengantin Paksian serta Upacara Adat Perkawinan Kota Pangkalpinang /cAkhmad Elvian, Tricahya Karnawati acet.1 aPangkalpinang :bDinas Kebudayaan dan Pariwisata Kota Pangkalpinang,c2006 axii, 85 hal. :bilus. ;c21 cm.0 aTRICAHYA, Karnawati aBibliografi : hal.85 a13314416 a4052b a4052 c a1331-4416 a a4052b a4052 c a1331-4420 a a1331-4417 a a1331-4418 a